Basic electrical and electronics engineering : (Record no. 50855)

MARC details
000 -LEADER
fixed length control field 00943nam a22002417a 4500
005 - DATE AND TIME OF LATEST TRANSACTION
control field 2011030108118.0
008 - FIXED-LENGTH DATA ELEMENTS--GENERAL INFORMATION
fixed length control field 110301t xxu||||| |||| 00| 0 eng d
010 ## - LCCN (DPL NO)
LC control number ENG-102071
020 ## - INTERNATIONAL STANDARD BOOK NUMBER
International Standard Book Number 9780070708372
Terms of availability 215.00
020 ## - INTERNATIONAL STANDARD BOOK NUMBER
International Standard Book Number 0070708371
Terms of availability 215.00
035 ## - SYSTEM CONTROL NUMBER
System control number EN-85604
037 ## - SOURCE OF ACQUISITION
Source of stock number/acquisition DBAD / PUB
040 ## - CATALOGING SOURCE
Original cataloging agency dpl
Language of cataloging Eng
082 ## - DEWEY DECIMAL CLASSIFICATION NUMBER
Classification number 621.3
100 ## - MAIN ENTRY--PERSONAL NAME
Personal name Mittle, V.N.
9 (RLIN) 26367
245 ## - TITLE STATEMENT
Title Basic electrical and electronics engineering :
Statement of responsibility, etc by V.N. Mittle [and] Arvind Mittal
Remainder of title BE 104 Bachelor of Engineering (common to all disciplines) /
260 ## - PUBLICATION, DISTRIBUTION, ETC. (IMPRINT)
Place of publication, distribution, etc New Delhi
Name of publisher, distributor, etc Tata McGraw-Hill Publishing
Date of publication, distribution, etc 2011
270 ## - ADDRESS
Address 7, West Patel Nagar
City New Delhi
Postal code 110 008
300 ## - PHYSICAL DESCRIPTION
Extent Various pagings
Dimensions 23 cm (pbk)
700 ## - ADDED ENTRY--PERSONAL NAME
Personal name Mittal, Arvind
9 (RLIN) 26368
942 ## - ADDED ENTRY ELEMENTS (KOHA)
Institution code [OBSOLETE] dpl
Item type English Books
Source of classification or shelving scheme Dewey Decimal Classification
Classification part 621.3
Call number suffix MIT
Holdings
Withdrawn status Lost status Source of classification or shelving scheme Damaged status Not for loan Collection code Home library Current library Date acquired Source of acquisition Cost, normal purchase price Total Checkouts Full call number Barcode Date last seen Copy number Cost, replacement price Koha item type
    Dewey Decimal Classification   Not For Loan Non-fiction D.B.Act.Division D.B.Act.Division 01/03/2011 DBAD/PUB 215.00   621.3 MIT EN-85604 01/03/2011 1 215.00 English Books

© Delhi Public Library
Hit Counter
free hit counter